000 007170000a22002410004500
001 45758
010 _a978-972-21-2077-7
100 _a20120104d2009 k y0pory5003 ba
101 0 _apor
102 _aPT
200 1 _aO homem que não tira o palito da boca
_eestórias
_fJoão Melo
210 _aAlfragide
_cCaminho
_d2009
215 _a175 p.
225 2 _aOutras margens
_v87
330 _aLivro recomendado PNL2027 - Antes 2017 - Literatura - maiores 18 anos - Fluente
606 _aLiteratura africana de expressão portuguesa
606 _aEstórias
606 _aPNL
675 _a83
_zpor
675 _a821.134.3(673)-31"19/20"
_vBN
_zpor
700 1 _aMelo
_bJoão
_f1955-
090 _a45758
942 _cMON
_n0
999 _a45758